[Event "Speed Chess Championship 2020"]
[Site "Online"]
[Date "2020.11.12"]
[Round "1.20"]
[White "Martirosyan, Haik M."]
[Black "Nakamura, Hikaru"]
[Result "1/2-1/2"]
[WhiteElo "2622"]
[BlackElo "2736"]
[Annotator "TA"]
[PlyCount "143"]
[EventDate "2020.10.31"]
[EventType "k.o."]
[SourceTitle "playchess.com"]
[Source "ChessBase"]
[SourceQuality "1"]

{[%evp 9,143,33,60,37,50,33,43,33,39,29,47,39,77,104,97,37,53,22,47,52,85,17,16,9,12,0,9,0,0,-13,0,0,-3,-23,-38,-50,-19,-10,-10,-11,-15,-24,0,-18,-14,-13,-14,-27,0,0,0,0,0,-14,0,0,34,0,0,-10,-10,-13,-12,-39,0,-16,-29,-22,-18,-16,0,-8,0,0,0,-3,0,0,0,0,8,8,14,17,40,54,58,39,43,27,21,33,23,23,15,0,43,0,0,0,0,0,34,41,41,41,48,41,68,68,174,68,71,24,28,33,56,56,56,56,56,0,0,0,0,0,0,0,0,0,0,0,0,0,0,0]} 1. d4 g6 2. Nf3 Bg7 3. g3 d6 4. Bg2 Bd7 5. O-O Qc8 6. e4 {A41: 1 d4 d6: Tartakower System and Modern Defence.} Nc6 7. d5 Ne5 8. Nxe5 {White is slightly better.} Bxe5 9. Nd2 Bh3 {[#]} 10. Nf3 $146 ({Predecessor:} 10. Nc4 h5 11. f4 Bg7 12. f5 Bxg2 13. Kxg2 Nf6 14. fxg6 fxg6 15. e5 dxe5 16. Nxe5 {1-0 (63) Harikrishna,P (2763)-Nakamura,H (2787) chess.com INT 2016}) 10... h5 11. Bxh3 Qxh3 12. Ng5 (12. Qd3 $16) 12... Qd7 $14 13. h4 Nh6 14. Kg2 Bf6 15. Nf3 ({White should play} 15. f3 $16) 15... Ng4 $11 16. c4 c6 17. Qb3 cxd5 18. cxd5 O-O 19. Bd2 a5 20. a4 Rfb8 21. Bc3 b5 22. axb5 Qxb5 23. Qxb5 Rxb5 24. Nd4 Bxd4 25. Bxd4 a4 26. Ra3 Rb4 27. Rd1 Rc8 28. Rd2 Rc1 29. f3 Ne5 {[#] Hoping for ...Nc4.} 30. Bc3 Rc4 31. Kf2 Rh1 32. Kg2 Rb1 33. Kf2 Rc1 34. Kg2 f6 35. Kf2 Kf7 36. Kg2 Rb1 37. Kf2 Rh1 38. Kg2 Rc1 39. Kf2 Nd7 40. Ke2 Rg1 41. Kf2 Rh1 42. Kg2 Rb1 43. Rd4 Rxd4 44. Bxd4 {[%mdl 4096] Endgame KRB-KRN} Rc1 45. Rxa4 Rc2+ 46. Kf1 Ne5 47. Bxe5 dxe5 $14 {KR-KR} 48. Rb4 f5 49. Rb7 {aiming for exf5.} fxe4 50. fxe4 Kf6 $1 51. Rb6+ Kf7 52. b3 Rd2 53. Re6 Rd3 54. Kf2 Rxb3 55. Rxe5 Rb2+ 56. Kf3 Rb3+ 57. Kf4 Rb6 58. Rg5 Rf6+ 59. Ke3 Rf1 {[#]} (59... Ra6 $14) 60. Ke2 (60. Kd4 $1 $18) 60... Rh1 61. Re5 {Cut Off at move 61} Ra1 62. Re6 Ra3 63. Kf2 Rb3 64. Rc6 Rd3 65. Ke2 (65. Rc7 $14) 65... Rxg3 $11 {The position is equal.} 66. e5 Rg4 67. Ke3 Rxh4 68. Rc7 {d6 is the strong threat.} Kf8 69. Rc8+ Kf7 70. Rc7 {Black must now prevent d6.} Kf8 71. Rc8+ Kf7 72. Rc7 {Weighted Error Value: White=0.13/Black=0.12} 1/2-1/2

[Event "Speed Chess Championship 2020"]
[Site "Online"]
[Date "2020.11.02"]
[Round "1.20"]
[White "Nihal Sarin"]
[Black "Vachier-Lagrave, Maxime"]
[Result "1/2-1/2"]
[WhiteElo "2620"]
[BlackElo "2784"]
[Annotator "TA"]
[PlyCount "148"]
[EventDate "2020.10.31"]
[EventType "k.o."]

{[%evp 22,148,37,28,39,38,39,35,33,25,62,25,58,14,28,16,10,7,7,0,0,0,-6,-11,-2,0,12,9,32,17,37,0,26,7,7,0,0,-4,0,0,0,0,0,-3,0,0,0,0,0,0,0,0,0,0,0,0,0,0,0,0,0,0,0,0,0,0,14,14,14,0,0,0,18,18,18,0,0,0,160,0,0,0,0,0,0,0,0,0,0,0,0,0,0,0,8,0,0,0,0,0,0,0,0,0,0,0,0,0,0,0,0,0,0,0,1666,74,72,0,0,0,0,0,0,0,0,0,0,0,0]} 1. Nf3 c5 2. c4 Nc6 3. Nc3 Nf6 4. g3 g6 5. Bg2 Bg7 6. O-O O-O 7. d4 cxd4 8. Nxd4 Nxd4 9. Qxd4 d6 10. b3 Bf5 11. Bb2 Ne4 12. Qe3 Nxc3 {A39: Symmetrical English vs ...g6: 4 Bg2 Bg7 5 Nf3 Nf6 6 0-0 0-0 7 d4.} 13. Bxc3 Bxc3 14. Qxc3 Qd7 {[#] White is slightly better.} 15. Rad1 $146 ({Predecessor:} 15. Rfd1 Rac8 16. Qe3 b6 17. Qd4 Bh3 18. Rac1 Bxg2 19. Kxg2 Rc5 20. Qe3 Rfc8 21. a4 {0-1 (60) Xiang,Z (2395)-Gao,R (2546) Shenzhen 2017}) 15... Rfc8 16. Qe3 a6 17. h4 h5 18. Qb6 Rab8 19. Rd2 Qc7 20. Qe3 b5 21. Rc1 Be6 {[%cal Rb5c4]} 22. Bd5 Bxd5 23. Rxd5 e6 24. Rdd1 bxc4 25. Rxc4 Qd7 26. Rcd4 d5 27. Qd3 Qb5 28. Qf3 Rc2 29. R1d2 Rbc8 30. Kg2 Rxd2 31. Rxd2 $11 {[%mdl 4096] Endgame KQR-KQR} Qb4 32. Qd3 a5 (32... Rc3 {looks sharper.} 33. Qxa6 Qe4+ 34. f3 Qe3 35. Rd1 Kg7) 33. Rc2 Rxc2 34. Qxc2 {KQ-KQ} Kg7 35. e3 d4 36. exd4 Qxd4 37. Qc6 Qd2 38. a3 Qd3 39. Qa4 Qd5+ 40. Kh2 Qc5 41. Kg1 Qc1+ 42. Kg2 Qc5 43. b4 Qd5+ 44. Kg1 axb4 45. axb4 Qd4 46. Qb3 Kf6 47. b5 Qb6 48. Qc4 Ke7 49. Qb4+ Kd7 $2 ({Black should try} 49... Ke8 $11) 50. Qc4 $2 ({White must play} 50. Qf8 $16) 50... Ke7 51. Kf1 Kd7 52. Ke2 Ke7 53. Qb4+ Kd7 54. Qc4 Ke7 55. Kf3 Qb7+ 56. Ke3 Qb6+ 57. Ke2 Kd7 58. Qa4 Ke7 59. Qa6 Qc5 60. b6 {aiming for b7.} Qc2+ 61. Kf1 Qc1+ 62. Kg2 Qc6+ 63. Kg1 Qc1+ 64. Kh2 Qc5 $1 65. Qa7+ Kf8 66. Qa8+ Ke7 67. Qb7+ Kf8 $2 {[%mdl 8192] [#]} (67... Kd6 $11) 68. Kg2 $2 (68. Kg1 $1 $18 {is the precise move to win.} Kg7 69. Qc7) 68... Kg7 $16 {[#]} 69. Qc7 (69. Qa6 $1 $16 {Strongly threatening b7.} Qc6+ 70. Kh2) 69... Qd5+ $11 {The position is equal.} 70. Kh2 Qd4 71. Kg1 Qd1+ 72. Kg2 Qd5+ 73. Kh2 {Hoping for b7.} Qd4 74. Kg2 Qd5+ $1 {Av CentiPawn Loss W=-24/B=-21. Weighted=-49/-15} 1/2-1/2

[Event "Speed Chess Championship 2020"]
[Site "Online"]
[Date "2020.11.04"]
[Round "1.21"]
[White "Carlsen, Magnus"]
[Black "Maghsoodloo, Parham"]
[Result "1-0"]
[WhiteElo "2862"]
[BlackElo "2676"]
[Annotator "TA"]
[PlyCount "63"]
[EventDate "2020.10.31"]
[EventType "k.o."]
[SourceTitle "playchess.com"]
[Source "ChessBase"]
[SourceQuality "1"]

{[%evp 15,63,47,37,29,58,46,94,85,114,97,162,130,174,175,200,185,189,187,163,162,173,114,200,211,321,287,556,556,756,756,883,883,837,707,669,647,539,335,212,46,48,49,81,65,265,261,764,763,29995,29996]} 1. d4 Nf6 2. Bf4 g6 3. Nc3 Bg7 4. e4 d6 5. Qd2 Nc6 6. O-O-O O-O 7. Bh6 {7.f3 gains popularity.} e5 8. Bxg7 Kxg7 9. Nge2 {B07: Pirc Defence: Miscellaneous Systems.} exd4 10. Nxd4 Bd7 11. f3 {[#] White is better.} a6 $146 ({Predecessor:} 11... Qe7 12. g4 Be6 13. h4 Nxd4 14. Qxd4 Kg8 15. Be2 Rad8 16. Qd2 c6 17. g5 Ne8 {½-½ (61) Goryachkina,A (2582)-Ponkratov,P (2628) Sochi 2020}) 12. g4 Re8 (12... b5 $16) 13. h4 h5 14. g5 Ng8 15. Nd5 Kh7 16. Kb1 Nxd4 17. Qxd4 Be6 18. f4 (18. Bg2 $18) 18... c6 (18... Bg4 $16 {keeps fighting.}) 19. Ne3 $18 c5 (19... Qa5 $142) 20. Qd2 (20. Qxd6 Qa5 $11) 20... Ne7 $2 (20... Bd7 {was necessary.} 21. Bg2 (21. Qxd6 Bc6 $16) 21... Bc6) 21. f5 Bc8 22. Bc4 Rf8 23. Rhf1 b5 24. Bxf7 Rxf7 25. fxg6+ Kxg6 26. Rxf7 Kxf7 27. Qf2+ $2 (27. Rf1+ $18 Kg8 28. Rf6) 27... Kg8 $14 28. Qf6 $36 {[%mdl 2048] Rf1 is the strong threat. White is pushing.} Qf8 {aiming for ...Qxf6.} 29. Qxd6 {Threatens to win with Nd5.} Bg4 $2 {[#]} (29... Bh3 $1 $14) 30. Rf1 $1 $18 {[%cal Rf1f8]} Qd8 $2 (30... Qg7 31. Rf6 (31. Qxc5 Rf8 $11) (31. Nd5 Ng6 $16) 31... Rf8) 31. Qh6 {g6 would kill now.} Bh3 {[#]} 32. g6 $1 {[%mdl 512] Av CentiPawn Loss W=-29/B=-106. Weighted=-31/-162} 1-0

[Event "Speed Chess Championship 2020"]
[Site "Online"]
[Date "2020.11.08"]
[Round "1.21"]
[White "So, Wesley"]
[Black "Abdusattorov, Nodirbek"]
[Result "1-0"]
[WhiteElo "2816"]
[BlackElo "2662"]
[Annotator "ChessBase"]
[PlyCount "91"]
[EventDate "2020.10.31"]
[EventType "k.o."]
[SourceTitle "playchess.com"]
[Source "ChessBase"]
[SourceQuality "1"]
[TimeControl "60+1"]

1. e4 {[%emt 0:00:01]} c6 {[%emt 0:00:01]} 2. Nf3 {[%emt 0:00:00]} d5 {[%emt 0:00:00]} 3. d3 {[%emt 0:00:00]} Qc7 {[%emt 0:00:01]} 4. e5 {[%emt 0:00:03]} Bg4 {[%emt 0:00:02]} 5. d4 {[%emt 0:00:01]} e6 {[%emt 0:00:01]} 6. Nbd2 {[%emt 0:00:02]} c5 {[%emt 0:00:00]} 7. h3 {[%emt 0:00:01]} Bxf3 {[%emt 0:00:01]} 8. Nxf3 {[%emt 0:00:00]} cxd4 {[%emt 0:00:00]} 9. Bb5+ {[%emt 0:00:01]} Nc6 {[%emt 0:00:01]} 10. O-O {[%emt 0:00:01]} Bc5 {[%emt 0:00:01]} 11. Nxd4 {[%emt 0:00:02]} Nge7 {[%emt 0:00:01]} 12. Be3 {[%emt 0:00:01]} Bb6 {[%emt 0:00:01]} 13. c3 {[%emt 0:00:04]} Qxe5 {[%emt 0:00:03]} 14. Re1 {[%emt 0:00:05]} Qf6 {[%emt 0:00:02]} 15. Qg4 {[%emt 0:00:09]} O-O {[%emt 0:00:04]} 16. Bg5 {[%emt 0:00:09]} Qg6 {[%emt 0:00:01]} 17. Rad1 {[%emt 0:00:01]} h6 {[%emt 0:00:07]} 18. Bxe7 {[%emt 0:00:06]} Qxg4 {[%emt 0:00:00]} 19. hxg4 {[%emt 0:00:00]} Nxe7 {[%emt 0:00:00]} 20. f4 {[%emt 0:00:02]} Rad8 {[%emt 0:00:03]} 21. f5 {[%emt 0:00:01]} Rd6 {[%emt 0:00:05]} 22. Kh2 {[%emt 0:00:02]} Bc7 {[%emt 0:00:04]} 23. Kh3 {[%emt 0:00:02]} a6 {[%emt 0:00:17]} 24. Ba4 {[%emt 0:00:02]} Rb6 {[%emt 0:00:03]} 25. fxe6 {[%emt 0:00:02]} fxe6 {[%emt 0:00:06]} 26. Nxe6 {[%emt 0:00:02]} Rc8 {[%emt 0:00:18]} 27. Bd7 {[%emt 0:00:01]} Bd6 {[%emt 0:00:00]} 28. Bxc8 {[%emt 0:00:01]} Nxc8 {[%emt 0:00:01]} 29. Nd4 {[%emt 0:00:03]} Ne7 {[%emt 0:00:00]} 30. b3 {[%emt 0:00:01]} Ng6 {[%emt 0:00:00]} 31. g3 {[%emt 0:00:01]} Be5 {[%emt 0:00:02]} 32. Rd3 {[%emt 0:00:02]} Rf6 {[%emt 0:00:01]} 33. Nf5 {[%emt 0:00:01]} Rc6 {[%emt 0:00:02]} 34. Ree3 {[%emt 0:00:03]} Bf6 {[%emt 0:00:02]} 35. Rxd5 {[%emt 0:00:02]} Kh7 {[%emt 0:00:02]} 36. c4 {[%emt 0:00:01]} b5 {[%emt 0:00:01]} 37. cxb5 {[%emt 0:00:01]} axb5 {[%emt 0:00:00]} 38. Rxb5 {[%emt 0:00:00]} Rc2 {[%emt 0:00:01]} 39. a4 {[%emt 0:00:01]} Nf8 {[%emt 0:00:01]} 40. a5 {[%emt 0:00:01]} Kg6 {[%emt 0:00:01]} 41. Nh4+ {[%emt 0:00:03]} Kf7 {[%emt 0:00:01]} 42. Nf3 {[%emt 0:00:01]} Nh7 {[%emt 0:00:02]} 43. b4 {[%emt 0:00:01]} Ra2 {[%emt 0:00:02]} 44. Rb7+ {[%emt 0:00:02]} Kg6 {[%emt 0:00:01]} 45. Nh4+ {[%emt 0:00:01]} Kg5 {[%emt 0:00:00]} 46. Rf3 {[%emt 0:00:02]} 1-0

[Event "Speed Chess Championship 2020"]
[Site "Online"]
[Date "2020.11.02"]
[Round "1.21"]
[White "Vachier-Lagrave, Maxime"]
[Black "Nihal Sarin"]
[Result "0-1"]
[WhiteElo "2784"]
[BlackElo "2620"]
[Annotator "TA RC"]
[PlyCount "94"]
[EventDate "2020.10.31"]
[EventType "k.o."]

{[%evp 9,94,31,50,21,31,22,48,57,54,0,14,1,12,7,24,20,24,0,0,0,25,7,24,18,27,0,12,6,14,1,15,-2,0,-20,0,-41,-20,-37,-29,-44,1,-59,0,0,0,0,0,-22,0,-16,-15,-37,-6,-31,0,0,0,0,-6,-233,-222,-213,-185,-256,-247,-262,-161,-218,-218,-214,-222,-220,-216,-218,-223,-556,-556,-643,-633,-1150,-1138,-1010,-981,-897,-891,-875,-831]} 1. e4 c6 2. Nf3 d5 3. Nc3 dxe4 4. Nxe4 Nf6 5. Qe2 Na6 6. Nxf6+ {B11: Caro-Kann: Two Knights Variation.} gxf6 7. d4 Bf5 {[#] Hoping for ...Nb4.} 8. c3 {White is slightly better.} Qd5 9. Qc4 {[#]} (9. g3 $14) 9... Nc7 $146 ({Predecessor:} 9... Be6 10. Qe2 O-O-O 11. g3 Nc7 12. Bg2 Qh5 13. h3 Bh6 14. g4 Qg6 15. Nh4 Qg7 {0-1 (47) Galakhov,S (2310)-Guseinov,A (2300) Tashkent 1985}) 10. Qxd5 Nxd5 11. Be2 Rg8 12. g3 e6 13. Nh4 Bh3 14. Bd2 Bd6 15. O-O-O O-O-O 16. Rhe1 Rd7 17. f4 Ne7 18. Bh5 Nf5 19. Nxf5 Bxf5 20. Re2 Kc7 21. Rde1 a5 22. Be3 a4 23. Bf2 b5 {[%cal Bb7b5,Bb5b4][%mdl 32]} 24. Bf3 b4 25. c4 ({White should play} 25. cxb4 $11 Bxb4 26. Rd1) 25... Bd3 (25... b3 $15 26. a3 Bd3) 26. c5 $11 Be7 27. Rd2 Bc4 28. Kb1 Bd5 29. Bh5 Rf8 30. f5 exf5 (30... e5 $5) 31. Be3 Be4+ 32. Kc1 Kb7 33. Bd1 Ra8 34. g4 $2 {Now White is beyond hope.} (34. b3 $1 $11 {and White is okay.}) 34... fxg4 35. Bxg4 f5 36. Bh5 (36. Be2 {might work better.}) 36... Bf6 37. Bd1 a3 38. Bb3 (38. Rf1 $142) 38... Rad8 $19 39. bxa3 bxa3 40. Red1 f4 41. Bxf4 Bxd4 {White must now prevent ...Bb2+.} 42. Rxd4 $2 (42. Bc2 {is more resistant.} Bf3 43. Rf1) 42... Rxd4 {Black is clearly winning.} 43. Re1 Bd5 {Strongly threatening ...Bxb3.} 44. Re7+ Ka6 {...Bxb3 is the strong threat.} 45. Be5 Bxb3 {[%csl Gb3,Gd8][%cal Rd4d1]} 46. Bxd4 Rxd4 {[%csl Gb3][%cal Rd4d1]} 47. axb3 {[#]} Rd1+ $1 {[%mdl 512] Av CentiPawn Loss W=-38/B=-15. Weighted=-33/-15} 0-1

[Event "Speed Chess Championship 2020"]
[Site "Online"]
[Date "2020.11.04"]
[Round "1.21"]
[White "Firouzja, Alireza"]
[Black "Fedoseev, Vladimir"]
[Result "1-0"]
[WhiteElo "2749"]
[BlackElo "2676"]
[Annotator "ChessBase"]
[PlyCount "133"]
[EventDate "2020.10.31"]
[EventType "k.o."]
[SourceTitle "playchess.com"]
[Source "ChessBase"]
[SourceQuality "1"]
[TimeControl "60+1"]

1. Nf3 {[%emt 0:00:01]} Nf6 {[%emt 0:00:01]} 2. g3 {[%emt 0:00:00]} g6 {[%emt 0:00:00]} 3. Bg2 {[%emt 0:00:01]} Bg7 {[%emt 0:00:00]} 4. O-O {[%emt 0:00:00]} O-O {[%emt 0:00:00]} 5. d4 {[%emt 0:00:01]} d5 {[%emt 0:00:01]} 6. c4 {[%emt 0:00:01]} c6 {[%emt 0:00:00]} 7. Ne5 {[%emt 0:00:01]} Be6 {[%emt 0:00:00]} 8. cxd5 {[%emt 0:00:01]} Bxd5 {[%emt 0:00:01]} 9. Nf3 {[%emt 0:00:00]} Ne4 {[%emt 0:00:01]} 10. Qc2 {[%emt 0:00:02]} Nd7 {[%emt 0:00:01]} 11. Re1 {[%emt 0:00:00]} Ndf6 {[%emt 0:00:01]} 12. Ne5 {[%emt 0:00:05]} Rc8 {[%emt 0:00:18]} 13. f3 {[%emt 0:00:05]} Nd6 {[%emt 0:00:01]} 14. Bh3 {[%emt 0:00:07]} Nf5 {[%emt 0:00:16]} 15. Bxf5 {[%emt 0:00:15]} gxf5 {[%emt 0:00:01]} 16. Qxf5 {[%emt 0:00:01]} Be6 {[%emt 0:00:02]} 17. Qf4 {[%emt 0:00:01]} c5 {[%emt 0:00:02]} 18. dxc5 {[%emt 0:00:02]} Rxc5 {[%emt 0:00:01]} 19. Nd3 {[%emt 0:00:01]} Rc4 {[%emt 0:00:02]} 20. Qg5 {[%emt 0:00:05]} Qb6+ {[%emt 0:00:04]} 21. Be3 {[%emt 0:00:04]} h6 {[%emt 0:00:11]} 22. Qxg7+ {[%emt 0:00:03]} Kxg7 {[%emt 0:00:01]} 23. Bxb6 {[%emt 0:00:00]} axb6 {[%emt 0:00:00]} 24. Nc3 {[%emt 0:00:01]} Ra8 {[%emt 0:00:02]} 25. a3 {[%emt 0:00:01]} Nd7 {[%emt 0:00:03]} 26. Kf2 {[%emt 0:00:01]} Bf5 {[%emt 0:00:02]} 27. Rad1 {[%emt 0:00:04]} Bxd3 {[%emt 0:00:01]} 28. Rxd3 {[%emt 0:00:00]} Ne5 {[%emt 0:00:01]} 29. Rd5 {[%emt 0:00:01]} Rc5 {[%emt 0:00:03]} 30. Red1 {[%emt 0:00:02]} Nc4 {[%emt 0:00:01]} 31. Rxc5 {[%emt 0:00:06]} bxc5 {[%emt 0:00:00]} 32. Rd7 {[%emt 0:00:02]} b6 {[%emt 0:00:03]} 33. Nd1 {[%emt 0:00:10]} e6 {[%emt 0:00:01]} 34. Rb7 {[%emt 0:00:01]} Ra6 {[%emt 0:00:01]} 35. e4 {[%emt 0:00:03]} Kf8 {[%emt 0:00:03]} 36. Ke2 {[%emt 0:00:01]} h5 {[%emt 0:00:01]} 37. f4 {[%emt 0:00:01]} Nd6 {[%emt 0:00:01]} 38. Rb8+ {[%emt 0:00:01]} Ke7 {[%emt 0:00:00]} 39. Kd3 {[%emt 0:00:00]} Ra4 {[%emt 0:00:02]} 40. Nc3 {[%emt 0:00:03]} Rd4+ {[%emt 0:00:00]} 41. Kc2 {[%emt 0:00:01]} Nxe4 {[%emt 0:00:02]} 42. Rxb6 {[%emt 0:00:02]} Rd2+ {[%emt 0:00:00]} 43. Kc1 {[%emt 0:00:01]} Rd4 {[%emt 0:00:01]} 44. Nxe4 {[%emt 0:00:01]} Rxe4 {[%emt 0:00:00]} 45. Kd2 {[%emt 0:00:00]} Rd4+ {[%emt 0:00:02]} 46. Kc3 {[%emt 0:00:01]} h4 {[%emt 0:00:00]} 47. Rc6 {[%emt 0:00:01]} Re4 {[%emt 0:00:04]} 48. Rxc5 {[%emt 0:00:01]} hxg3 {[%emt 0:00:01]} 49. hxg3 {[%emt 0:00:01]} Re3+ {[%emt 0:00:00]} 50. Kb4 {[%emt 0:00:01]} Rxg3 {[%emt 0:00:00]} 51. a4 {[%emt 0:00:00]} Rf3 {[%emt 0:00:02]} 52. Rc4 {[%emt 0:00:01]} Rf1 {[%emt 0:00:02]} 53. a5 {[%emt 0:00:01]} Kd6 {[%emt 0:00:01]} 54. Kb5 {[%emt 0:00:02]} Ra1 {[%emt 0:00:02]} 55. a6 {[%emt 0:00:01]} Kd5 {[%emt 0:00:01]} 56. Ra4 {[%emt 0:00:03]} Rxa4 {[%emt 0:00:02]} 57. Kxa4 {[%emt 0:00:00]} Kc6 {[%emt 0:00:00]} 58. b4 {[%emt 0:00:00]} Kb6 {[%emt 0:00:01]} 59. b5 {[%emt 0:00:01]} f6 {[%emt 0:00:02]} 60. Kb4 {[%emt 0:00:00]} e5 {[%emt 0:00:00]} 61. fxe5 {[%emt 0:00:01]} fxe5 {[%emt 0:00:00]} 62. Kc4 {[%emt 0:00:00]} Ka7 {[%emt 0:00:02]} 63. Kd5 {[%emt 0:00:01]} Kb6 {[%emt 0:00:00]} 64. Kxe5 {[%emt 0:00:00]} Kc7 {[%emt 0:00:01]} 65. Kd5 {[%emt 0:00:01]} Kb6 {[%emt 0:00:00]} 66. Kd6 {[%emt 0:00:00]} Kxb5 {[%emt 0:00:01]} 67. a7 {[%emt 0:00:01]} 1-0

[Event "Speed Chess Championship 2020"]
[Site "Online"]
[Date "2020.11.15"]
[Round "1.21"]
[White "Duda, Jan-Krzysztof"]
[Black "Caruana, Fabiano"]
[Result "1-0"]
[WhiteElo "2743"]
[BlackElo "2823"]
[Annotator "ChessBase"]
[PlyCount "105"]
[EventDate "2020.10.31"]
[EventType "k.o."]
[EventCountry "NET"]
[SourceTitle "playchess.com"]
[Source "ChessBase"]
[SourceQuality "1"]
[TimeControl "60+1"]

1. d4 {[%emt 0:00:01]} Nf6 {[%emt 0:00:01]} 2. c4 {[%emt 0:00:00]} g6 {[%emt 0:00:00]} 3. Nc3 {[%emt 0:00:03]} d6 {[%emt 0:00:00]} 4. e4 {[%emt 0:00:01]} Bg7 {[%emt 0:00:01]} 5. f3 {[%emt 0:00:00]} O-O {[%emt 0:00:00]} 6. Be3 {[%emt 0:00:01]} Nc6 {[%emt 0:00:03]} 7. Nge2 {[%emt 0:00:01]} e5 {[%emt 0:00:01]} 8. Qd2 {[%emt 0:00:00]} a6 {[%emt 0:00:01]} 9. O-O-O {[%emt 0:00:02]} Rb8 {[%emt 0:00:02]} 10. d5 {[%emt 0:00:07]} Na5 {[%emt 0:00:01]} 11. Ng3 {[%emt 0:00:04]} b5 {[%emt 0:00:07]} 12. Bh6 {[%emt 0:00:01]} b4 {[%emt 0:00:12]} 13. Nb1 {[%emt 0:00:02]} Ne8 {[%emt 0:00:05]} 14. h4 {[%emt 0:00:03]} f5 {[%emt 0:00:02]} 15. Bg5 {[%emt 0:00:04]} Qd7 {[%emt 0:00:04]} 16. exf5 {[%emt 0:00:17]} gxf5 {[%emt 0:00:00]} 17. Nh5 {[%emt 0:00:01]} Qf7 {[%emt 0:00:23]} 18. Nxg7 {[%emt 0:00:01]} Nxg7 {[%emt 0:00:00]} 19. Bd3 {[%emt 0:00:03]} Bd7 {[%emt 0:00:01]} 20. h5 {[%emt 0:00:03]} Nb7 {[%emt 0:00:02]} 21. Qxb4 {[%emt 0:00:08]} Nc5 {[%emt 0:00:01]} 22. Qd2 {[%emt 0:00:01]} f4 {[%emt 0:00:01]} 23. Nc3 {[%emt 0:00:05]} Nf5 {[%emt 0:00:03]} 24. Rde1 {[%emt 0:00:07]} Nd4 {[%emt 0:00:02]} 25. Kb1 {[%emt 0:00:02]} Rb4 {[%emt 0:00:03]} 26. Ne4 {[%emt 0:00:02]} Rfb8 {[%emt 0:00:00]} 27. Nxc5 {[%emt 0:00:01]} Rxb2+ {[%emt 0:00:02]} 28. Qxb2 {[%emt 0:00:01]} Rxb2+ {[%emt 0:00:00]} 29. Kxb2 {[%emt 0:00:00]} dxc5 {[%emt 0:00:00]} 30. Rxe5 {[%emt 0:00:01]} Qf8 {[%emt 0:00:04]} 31. Rhe1 {[%emt 0:00:01]} Qb8+ {[%emt 0:00:00]} 32. Ka1 {[%emt 0:00:02]} Qb4 {[%emt 0:00:01]} 33. Re8+ {[%emt 0:00:04]} Bxe8 {[%emt 0:00:01]} 34. Rxe8+ {[%emt 0:00:00]} Kf7 {[%emt 0:00:00]} 35. Re7+ {[%emt 0:00:00]} Kf8 {[%emt 0:00:01]} 36. Bxh7 {[%emt 0:00:01]} Qxc4 {[%emt 0:00:04]} 37. Kb1 {[%emt 0:00:01]} Qb4+ {[%emt 0:00:00]} 38. Kc1 {[%emt 0:00:01]} Qc3+ {[%emt 0:00:01]} 39. Kd1 {[%emt 0:00:01]} Qa1+ {[%emt 0:00:01]} 40. Kd2 {[%emt 0:00:01]} Qxa2+ {[%emt 0:00:00]} 41. Kd3 {[%emt 0:00:01]} Qxg2 {[%emt 0:00:01]} 42. Bf6 {[%emt 0:00:02]} Qxf3+ {[%emt 0:00:00]} 43. Kc4 {[%emt 0:00:00]} Qxh5 {[%emt 0:00:02]} 44. Kxc5 {[%emt 0:00:02]} Nf5 {[%emt 0:00:01]} 45. Rxc7 {[%emt 0:00:01]} Qh6 {[%emt 0:00:03]} 46. Be5 {[%emt 0:00:01]} Ne7 {[%emt 0:00:01]} 47. d6 {[%emt 0:00:01]} Qxh7 {[%emt 0:00:02]} 48. dxe7+ {[%emt 0:00:02]} Ke8 {[%emt 0:00:01]} 49. Rc8+ {[%emt 0:00:00]} Kxe7 {[%emt 0:00:03]} 50. Rc7+ {[%emt 0:00:01]} Ke6 {[%emt 0:00:00]} 51. Rxh7 {[%emt 0:00:00]} Kxe5 {[%emt 0:00:00]} 52. Re7+ {[%emt 0:00:01]} Kf5 {[%emt 0:00:00]} 53. Kd4 {[%emt 0:00:01]} 1-0

[Event "Speed Chess Championship 2020"]
[Site "Online"]
[Date "2020.11.12"]
[Round "1.21"]
[White "Nakamura, Hikaru"]
[Black "Martirosyan, Haik M."]
[Result "1/2-1/2"]
[WhiteElo "2736"]
[BlackElo "2622"]
[Annotator "ChessBase"]
[PlyCount "92"]
[EventDate "2020.10.31"]
[EventType "k.o."]
[SourceTitle "playchess.com"]
[Source "ChessBase"]
[SourceQuality "1"]
[TimeControl "60+1"]

1. d4 {[%emt 0:00:01]} Nf6 {[%emt 0:00:01]} 2. Nf3 {[%emt 0:00:00]} e6 {[%emt 0:00:00]} 3. c4 {[%emt 0:00:02]} b6 {[%emt 0:00:00]} 4. Nc3 {[%emt 0:00:00]} Bb7 {[%emt 0:00:01]} 5. g3 {[%emt 0:00:01]} Bb4 {[%emt 0:00:02]} 6. Bg2 {[%emt 0:00:00]} O-O {[%emt 0:00:01]} 7. O-O {[%emt 0:00:01]} Bxc3 {[%emt 0:00:01]} 8. bxc3 {[%emt 0:00:00]} h6 {[%emt 0:00:01]} 9. Re1 {[%emt 0:00:02]} Be4 {[%emt 0:00:01]} 10. Bh3 {[%emt 0:00:01]} d5 {[%emt 0:00:02]} 11. Nd2 {[%emt 0:00:00]} Bg6 {[%emt 0:00:02]} 12. f3 {[%emt 0:00:01]} c5 {[%emt 0:00:02]} 13. dxc5 {[%emt 0:00:00]} bxc5 {[%emt 0:00:01]} 14. cxd5 {[%emt 0:00:00]} exd5 {[%emt 0:00:00]} 15. c4 {[%emt 0:00:02]} d4 {[%emt 0:00:02]} 16. Nb3 {[%emt 0:00:02]} Nbd7 {[%emt 0:00:08]} 17. Ba3 {[%emt 0:00:01]} Qc7 {[%emt 0:00:03]} 18. e3 {[%emt 0:00:01]} d3 {[%emt 0:00:02]} 19. e4 {[%emt 0:00:01]} Ne5 {[%emt 0:00:00]} 20. Nd2 {[%emt 0:00:00]} Bh5 {[%emt 0:00:02]} 21. g4 {[%emt 0:00:06]} Qd7 {[%emt 0:00:08]} 22. Bb2 {[%emt 0:00:02]} Ng6 {[%emt 0:00:04]} 23. Bxf6 {[%emt 0:00:04]} gxf6 {[%emt 0:00:01]} 24. Bf1 {[%emt 0:00:01]} Nf4 {[%emt 0:00:02]} 25. gxh5 {[%emt 0:00:01]} Kh8 {[%emt 0:00:01]} 26. Nb3 {[%emt 0:00:07]} Rg8+ {[%emt 0:00:02]} 27. Kh1 {[%emt 0:00:01]} Rg5 {[%emt 0:00:02]} 28. Qd2 {[%emt 0:00:02]} Rag8 {[%emt 0:00:01]} 29. Qf2 {[%emt 0:00:02]} Rxh5 {[%emt 0:00:10]} 30. Rad1 {[%emt 0:00:02]} Qe7 {[%emt 0:00:03]} 31. Nc1 {[%emt 0:00:04]} Qc7 {[%emt 0:00:07]} 32. e5 {[%emt 0:00:04]} fxe5 {[%emt 0:00:04]} 33. Nxd3 {[%emt 0:00:01]} Ne6 {[%emt 0:00:01]} 34. Re4 {[%emt 0:00:03]} f5 {[%emt 0:00:02]} 35. Rxe5 {[%emt 0:00:00]} Nd4 {[%emt 0:00:02]} 36. Rde1 {[%emt 0:00:07]} Qg7 {[%emt 0:00:03]} 37. Re7 {[%emt 0:00:10]} Qg5 {[%emt 0:00:00]} 38. Ne5 {[%emt 0:00:03]} Qxe7 {[%emt 0:00:06]} 39. Ng6+ {[%emt 0:00:01]} Rxg6 {[%emt 0:00:00]} 40. Rxe7 {[%emt 0:00:00]} Rhg5 {[%emt 0:00:03]} 41. Qe3 {[%emt 0:00:01]} Nxf3 {[%emt 0:00:01]} 42. Re8+ {[%emt 0:00:05]} Kh7 {[%emt 0:00:00]} 43. Re7+ {[%emt 0:00:02]} Kh8 {[%emt 0:00:01]} 44. Re8+ {[%emt 0:00:14]} Kh7 {[%emt 0:00:00]} 45. Re7+ {[%emt 0:00:01]} Kg8 {[%emt 0:00:01]} 46. Re8+ {[%emt 0:00:01]} Kh7 {[%emt 0:00:00]} 1/2-1/2